MARC

LEADER 00000nam0a2200000 4500
001 139936
005 20231031141919.0
035 |a (RuTPU)RU\TPU\book\151602 
090 |a 139936 
100 |a 20080617d1979 m y0rusy50 ca 
101 0 |a rus 
102 |a RU 
105 |a a z 000ab 
200 1 |a Воспоминания о В. Я. Шишкове  |f сост. Н. Н. Яновский ; худож. Г. В. Алимов 
210 |a Москва  |c Советский писатель  |d 1979 
215 |a 304 с.  |c портр., ил. 
600 1 |a Шишков  |b В. Я  |f 1873-1945  |g Вячеслав Яковлевич  |c русский писатель  |2 stltpush  |3 (RuTPU)RU\TPU\pers\3639 
610 1 |a советская литература 
610 1 |a советские писатели 
610 1 |a воспоминания 
675 |a 8Р2(092)  |v 3 
702 1 |a Яновский  |b Н. Н.  |4 220 
702 1 |a Алимов  |b Г. В.  |4 440 
801 1 |a RU  |b 63413507  |c 20080617  |g PSBO 
942 |c BK